Statistics for Arctic Monkeys Lyrics - The View From The Afternoon

Click here to take the quiz!

General Stats

  • This quiz has been taken 58 times
  • The average score is 262 of 338

Answer Stats

Lyrics% Correct
a
100%
The
100%
the
100%
You
100%
you
100%
-for
97%
For
97%
I
97%
to
97%
be
94%
some
94%
And
91%
and
91%
but
91%
has
91%
In
91%
in
91%
love,
91%
love
91%
Tonight
88%
tonight
88%
up
88%
Anticipation
85%
disappointment
85%
entertainment,
85%
habit
85%
set
85%
there'll
85%
of
82%
Of
82%
that
82%
what's
82%
When
82%
after
79%
all
79%
evening
79%
it
79%
won't
79%
her
76%
o'clock
76%
on
76%
see
76%
before
74%
gone
74%
got
74%
mind
74%
she
74%
shocked
74%
surprised
74%
can
71%
is
71%
nine
71%
no
71%
out
71%
regardless
71%
Regardless
71%
seen
71%
want
71%
yeah
71%
yeah,
71%
Yeah,
71%
your
71%
machine
68%
put
68%
she's
68%
things
68%
You've
68%
you've
68%
devil
65%
drank
65%
it's
65%
limousine
65%
lot
65%
there's
65%
three
65%
we've
65%
already
62%
back
62%
chapter
62%
girls
62%
pressed
62%
says
62%
should
62%
bear
59%
Bear
59%
block
59%
dress
59%
fancy
59%
horns
59%
never
59%
ruckus,
59%
beat
56%
bunny
56%
course
56%
ears
56%
fruit
56%
heart
56%
jackpot
56%
star
56%
take
56%
two
56%
understand
56%
verse
56%
wanna
56%
around
53%
inbox
53%
looking
53%
pour
53%
they're
53%
unlock
53%
bandit,
50%
how
50%
-one's
50%
sat
50%
writer's
50%
oh
47%
quite
47%
will
47%
lairy
44%
send
44%
window
44%
full
41%
undone
38%
hung
24%
reasonin'
21%
Owt
12%

Score Distribution

Percentile by Number Answered

Percent of People with Each Score

Your Score History

You have not taken this quiz